| 000 | 00404nam a22001577a 4500 | ||
|---|---|---|---|
| 020 | _a9789380501932 | ||
| 040 | _cNUST | ||
| 082 |
_a004.65 _bPET |
||
| 100 |
_aLarry L. Peterson _9124036 |
||
| 110 |
_aBruce S. Davie _9124037 |
||
| 245 | _aComputer Networks A System Approach | ||
| 250 | _aFifth Edition | ||
| 260 |
_aIndia: _bElsevier, _c2018. |
||
| 650 |
_aComputer Networks _93677 |
||
| 942 |
_2ddc _cBK |
||
| 999 |
_c610011 _d610011 |
||